| Tag |
First Indicator |
Second Indicator |
Subfields |
| LEADER |
00000cam a2200000Ia 4500 |
| 001 |
in00002000501 |
| 005 |
20220105141422.0 |
| 006 |
m d |
| 007 |
cr cn- |
| 008 |
030730s2002 ctu sb 001 0 eng |
| 020 |
|
|
|a 0313012148 (electronic bk.)
|
| 035 |
|
|
|a (OCoLC)ocm52754839
|
| 040 |
|
|
|a N$T
|c N$T
|d UtOrBLW
|
| 043 |
|
|
|a f-sa---
|
| 049 |
|
|
|a IKMN
|
| 050 |
1 |
4 |
|a KTL2467.M56
|b H46 2002eb
|
| 082 |
0 |
4 |
|a 342.68/0873
|2 22
|
| 100 |
1 |
|
|a Henrard, Kristin.
|0 http://id.loc.gov/authorities/names/n00085722
|
| 245 |
1 |
0 |
|a Minority protection in post-apartheid South Africa :
|b human rights, minority rights, and self-determination /
|c Kristin Henrard.
|
| 264 |
|
1 |
|a Westport, Conn. :
|b Praeger,
|c 2002.
|
| 300 |
|
|
|a xvii, 311 pages
|
| 336 |
|
|
|a text
|b txt
|2 rdacontent
|
| 337 |
|
|
|a computer
|b c
|2 rdamedia
|
| 338 |
|
|
|a online resource
|b cr
|2 rdacarrier
|
| 490 |
1 |
|
|a Perspectives on the twentieth century,
|x 1538-9626
|
| 504 |
|
|
|a Includes bibliographical references (pages [271]-304) and index.
|
| 533 |
|
|
|a Electronic reproduction.
|b Boulder, Colo. :
|c NetLibrary,
|d 2003.
|n Available via World Wide Web.
|n Access may be limited to NetLibrary affiliated libraries.
|
| 500 |
|
|
|a Electronic resource.
|
| 650 |
|
0 |
|a Minorities
|x Legal status, laws, etc.
|z South Africa.
|
| 650 |
|
0 |
|a Self-determination, National
|z South Africa.
|
| 650 |
|
0 |
|a Apartheid
|z South Africa.
|0 http://id.loc.gov/authorities/subjects/sh85005907
|
| 651 |
|
4 |
|a South Africa
|x Social conditions
|y 1994-
|
| 655 |
|
7 |
|a Electronic books.
|2 local
|
| 710 |
2 |
|
|a NetLibrary, Inc.
|0 http://id.loc.gov/authorities/names/no99080690
|
| 776 |
1 |
|
|c Original
|z 0275973530
|w (DLC) 2001058047
|w (OCoLC)48473936
|
| 830 |
|
0 |
|a Perspectives on the twentieth century.
|0 http://id.loc.gov/authorities/names/n2001092366
|
| 856 |
4 |
1 |
|u https://proxy.library.tamu.edu/login?url=http://www.netLibrary.com/urlapi.asp?action=summary&v=1&bookid=85912
|z Connect to the full text of this electronic book
|t 0
|
| 994 |
|
|
|a 92
|b IKM
|
| 999 |
|
|
|a MARS
|
| 999 |
f |
f |
|s 7d0843b7-518a-3210-a24d-6873ffb9e731
|i 759db019-18e0-3a76-bb02-027cf3625c4b
|t 0
|
| 952 |
f |
f |
|a Texas A&M University
|b College Station
|c Electronic Resources
|d Available Online
|t 0
|e KTL2467.M56 H46 2002eb
|h Library of Congress classification
|
| 998 |
f |
f |
|a KTL2467.M56 H46 2002eb
|t 0
|l Available Online
|